00820 a2200205 4500001000700000020001500007040003200022100003000054245003300084250001300117260002900130300003400159362000900193490002400202520029400226650001200520650002500532650002500557650003200582119753 a0590649264 cEscola Canadense de Niteroi aWarner, Gertrude Chandler10aThe mystery in San Francisco a1st. ed. aUnited States of America a119 p.c5 x 0.3 x 7.63 inches0 a19970 aThe boxcar children aThe Aldens visit San Francisco! While sightseeing down by the docks, they learn that someone has been cutting nets and causing trouble for the local fisherman. Can the Aldens discover who is trying to shut down the fishing business before the fisherman have to anchor their boats for good? 4aOrphans 4aBrothers and Sisters 4aJuvenile Literature  4aMystery, Thriller or Terror